[Event "TUR-chT 2nd League"]
[Site "Denizli"]
[Date "2023.07.13"]
[Round "7.51"]
[White "Isilak, Enes"]
[Black "Sadykov, Ramil"]
[Result "1/2-1/2"]
[WhiteElo "2168"]
[BlackElo "2345"]
[PlyCount "119"]
[EventDate "2023.07.09"]
[EventType "team-swiss"]
[EventRounds "9"]
[EventCountry "TUR"]
[SourceTitle "CBM 215 Extra"]
[Source "ChessBase"]
[SourceDate "2023.09.30"]
[SourceVersion "1"]
[SourceVersionDate "2023.09.30"]
[SourceQuality "1"]
[WhiteTeam "Manisa Turkuaz"]
[BlackTeam "Eskiseh Tasci"]
[WhiteTeamCountry "TUR"]
[BlackTeamCountry "TUR"]

1. d4 Nf6 2. c4 e6 3. g3 Bb4+ 4. Bd2 a5 5. Bg2 0-0 6. Nf3 b6 7. 0-0 Bb7 8. Bf4 h6 9. h4 d5 10. Ne5 Ne4 11. a3 Be7 12. Nd2 Na6 13. cxd5 exd5 14. h5 Nf6 15. Bf3 c5 16. Rc1 Nc7 17. e3 Ne6 18. dxc5 bxc5 19. Qc2 Qb6 20. Qb3 Qa6 21. Rfe1 a4 22. Qc2 Nxf4 23. exf4 Rfe8 24. Nf1 Rab8 25. Ne3 Bf8 26. Nf5 d4 27. Be2 Qe6 28. Bc4 Bd5 29. Bxd5 Qxd5 30. Qxa4 Rxb2 31. Rc2 Rxc2 32. Qxc2 Nxh5 33. Rd1 Nf6 34. Ne3 Qe4 35. Qxe4 Nxe4 36. N3c4 f6 37. Nd3 Nd6 38. Rc1 Nxc4 39. Rxc4 g6 40. Ra4 Kf7 41. f5 gxf5 42. Kf1 Bd6 43. Ra6 Rd8 44. Rc6 Ke6 45. Nxc5+ Kd5 46. Nb7 Kxc6 47. Nxd8+ Kd5 48. Nf7 Bf8 49. a4 h5 50. Ke2 Kc4 51. a5 d3+ 52. Kd1 Bc5 53. a6 f4 54. gxf4 Kd4 55. Nd6 Kd5 56. Nf5 Bxf2 57. Kd2 Ke4 58. Ng3+ Kxf4 59. Nxh5+ Ke5 60. Nxf6 1/2-1/2

[Event "EU-ch U18 30th"]
[Site "Antalya"]
[Date "2022.11.12"]
[Round "7"]
[White "Schlegel, Igor"]
[Black "Isilak, Enes"]
[Result "0-1"]
[WhiteElo "2307"]
[BlackElo "2145"]
[PlyCount "50"]
[EventDate "2022.11.06"]
[EventType "swiss"]
[EventRounds "9"]
[EventCountry "TUR"]
[SourceTitle "EXT 2024"]
[Source "ChessBase"]
[SourceDate "2023.10.10"]
[SourceVersion "1"]
[SourceVersionDate "2023.10.10"]
[SourceQuality "1"]

1. e4 g6 2. d4 Bg7 3. Nc3 c6 4. h3 d5 5. e5 f6 6. f4 Nh6 7. Be3 Nf5 8. Bf2 fxe5 9. fxe5 Bh6 10. Qd3 b6 11. g4 Ba6 12. Qf3 Nxd4 13. Bxd4 Rf8 14. Bxa6 Rxf3 15. Bb7 Rf8 16. h4 e6 17. g5 Bg7 18. Bxa8 Qc8 19. 0-0-0 Nd7 20. Bxc6 Qxc6 21. Nh3 Bxe5 22. Bxe5 Nxe5 23. Rhe1 Rf5 24. Ne2 Nf3 25. Rf1 Qc4 0-1

[Event "TUR Cup"]
[Site "Adapazari"]
[Date "2022.04.01"]
[Round "11"]
[White "Celik, Ege Yigit"]
[Black "Isilak, Enes"]
[Result "0-1"]
[WhiteElo "1671"]
[BlackElo "2125"]
[PlyCount "60"]
[EventDate "2022.03.25"]
[EventType "swiss"]
[EventRounds "11"]
[EventCountry "TUR"]
[SourceTitle "EXT 2023"]
[Source "ChessBase"]
[SourceDate "2022.10.05"]
[SourceVersion "1"]
[SourceVersionDate "2022.10.05"]
[SourceQuality "1"]

1. c4 c5 2. Nc3 Nc6 3. g3 g6 4. Bg2 Bg7 5. Nf3 e6 6. d4 Nxd4 7. Nxd4 cxd4 8. Ne4 Ne7 9. Nd6+ Kf8 10. Bd2 Qb6 11. c5 Qxc5 12. Nxb7 Bxb7 13. Bxb7 Rb8 14. b4 Qb6 15. Be4 d5 16. Bd3 e5 17. 0-0 h5 18. h4 e4 19. Bc2 Be5 20. Kg2 Nf5 21. Rb1 Kg7 22. Rb3 Qe6 23. f4 Bf6 24. a4 Rhe8 25. b5 d3 26. exd3 e3 27. Re1 e2 28. Qb1 Nd4 29. Rb4 Qg4 30. Bc3 Re3 0-1

[Event "EU-ch Online U16"]
[Site "Tornelo INT"]
[Date "2020.09.20"]
[Round "8"]
[White "Chaqryan, Erik"]
[Black "Isilak, Enes"]
[Result "1-0"]
[WhiteElo "2231"]
[BlackElo "1974"]
[PlyCount "57"]
[EventDate "2020.09.18"]
[EventType "swiss (rapid)"]
[EventRounds "9"]
[EventCountry "NET"]
[SourceTitle "EXT 2023"]
[Source "ChessBase"]
[SourceDate "2022.10.05"]
[SourceVersion "1"]
[SourceVersionDate "2022.10.05"]
[SourceQuality "1"]
[WhiteTeam "Armenia"]
[BlackTeam "Turkey"]
[WhiteTeamCountry "ARM"]
[BlackTeamCountry "TUR"]

1. Nf3 d5 2. c4 d4 3. d3 Nc6 4. g3 e5 5. Bg2 Bb4+ 6. Nbd2 a5 7. 0-0 Nf6 8. a3 Be7 9. Rb1 a4 10. b4 axb3 11. Rxb3 0-0 12. Rb5 Nd7 13. Qc2 Ra6 14. a4 Nc5 15. Nb3 Nxa4 16. Bd2 f6 17. c5 Kh8 18. Qc4 Na7 19. Ra5 b5 20. cxb6 Nxb6 21. Qc2 Rxa5 22. Nxa5 Be6 23. Rc1 Bd6 24. Nb7 Qd7 25. Nxd6 cxd6 26. Qc7 Nb5 27. Qxb6 Ra8 28. Nxe5 Ra2 29. Nxd7 1-0

[Event "EU-ch Online U16"]
[Site "Tornelo INT"]
[Date "2020.09.19"]
[Round "6"]
[White "Isilak, Enes"]
[Black "Pogosyan, Stefan"]
[Result "1-0"]
[WhiteElo "1974"]
[BlackElo "2477"]
[PlyCount "93"]
[EventDate "2020.09.18"]
[EventType "swiss (rapid)"]
[EventRounds "9"]
[EventCountry "NET"]
[SourceTitle "EXT 2023"]
[Source "ChessBase"]
[SourceDate "2022.10.05"]
[SourceVersion "1"]
[SourceVersionDate "2022.10.05"]
[SourceQuality "1"]
[WhiteTeam "Turkey"]
[BlackTeam "Russia"]
[WhiteTeamCountry "TUR"]
[BlackTeamCountry "RUS"]

1. d4 f5 2. Nc3 d6 3. Nf3 Nf6 4. Bg5 Nbd7 5. e3 h6 6. Bxf6 Nxf6 7. Bd3 g5 8. e4 fxe4 9. Nxe4 Bg7 10. Nxf6+ Bxf6 11. Bg6+ Kf8 12. Qd3 Be6 13. 0-0 Qd7 14. d5 Bg8 15. c3 Kg7 16. Be4 c5 17. Bf5 Qa4 18. Rfe1 c4 19. Qd2 Qb5 20. Be6 Bh7 21. Nd4 Qc5 22. Bf5 Bg8 23. Be6 Bh7 24. Bf5 Bg8 25. Ne6+ Bxe6 26. Rxe6 Raf8 27. Rae1 Rf7 28. Rd1 b5 29. Qe2 h5 30. Bc2 a5 31. a3 Rh6 32. Kh1 b4 33. axb4 axb4 34. f3 b3 35. Bb1 h4 36. Re4 h3 37. g3 Qa7 38. Rxc4 Rf8 39. Rg4 Kh8 40. f4 gxf4 41. gxf4 Qc5 42. Be4 Bg7 43. Rdg1 Rf7 44. Qa6 Qe3 45. Qc8+ Rf8 46. Qxf8+ Bxf8 47. Rg8# 1-0

[Event "EU-ch Online U16"]
[Site "Tornelo INT"]
[Date "2020.09.18"]
[Round "2"]
[White "Suleymanli, Aydin Elshan"]
[Black "Isilak, Enes"]
[Result "0-1"]
[WhiteElo "2202"]
[BlackElo "1974"]
[PlyCount "118"]
[EventDate "2020.09.18"]
[EventType "swiss (rapid)"]
[EventRounds "9"]
[EventCountry "NET"]
[SourceTitle "EXT 2023"]
[Source "ChessBase"]
[SourceDate "2022.10.05"]
[SourceVersion "1"]
[SourceVersionDate "2022.10.05"]
[SourceQuality "1"]
[WhiteTeam "Azerbaijan"]
[BlackTeam "Turkey"]
[WhiteTeamCountry "AZE"]
[BlackTeamCountry "TUR"]

1. d4 d5 2. c4 e6 3. Nc3 Nf6 4. Bg5 Be7 5. cxd5 exd5 6. e3 c6 7. Qc2 0-0 8. Bd3 h6 9. Bh4 Re8 10. Nge2 Nbd7 11. f3 Nf8 12. 0-0 Ne6 13. Rad1 b6 14. Bf2 Bb7 15. h3 Rc8 16. e4 Nh5 17. e5 Nhf4 18. Nxf4 Nxf4 19. Bf5 Rc7 20. Qd2 Ne6 21. f4 a6 22. Bb1 c5 23. Qd3 g6 24. f5 Nf4 25. Qf3 g5 26. f6 Bf8 27. Be3 cxd4 28. Bxf4 dxc3 29. Qd3 c2 30. Bxc2 Rxc2 31. Qxc2 gxf4 32. Qf5 Bc5+ 33. Kh1 Bc8 34. Qxf4 Kh7 35. b4 Bf8 36. Rd4 Qc7 37. Rc1 Qd7 38. Qf2 Qf5 39. Qxf5+ Bxf5 40. Rxd5 Bxb4 41. Rc7 Be6 42. Rd4 Bc5 43. Rd2 Kg6 44. a4 a5 45. Rd1 Kf5 46. Re1 Bb3 47. Rf1+ Kg6 48. Rf3 Bd5 49. Rg3+ Kf5 50. Rd7 Rxe5 51. Rd3 Bc6 52. Rc7 Bxa4 53. Rxf7 Bb5 54. Rf3+ Ke6 55. Rg7 Re1+ 56. Kh2 Bd6+ 57. g3 Bc6 58. Rg8 Re2+ 59. Kg1 Bxf3 0-1

[Event "Izmir op 15th"]
[Site "Izmir"]
[Date "2016.09.08"]
[Round "6"]
[White "Abdullayev, Azer"]
[Black "Isilak, Enes"]
[Result "0-1"]
[WhiteElo "2081"]
[BlackElo "1779"]
[PlyCount "140"]
[EventDate "2016.09.05"]
[EventType "swiss"]
[EventRounds "9"]
[EventCountry "TUR"]
[SourceTitle "CBM 174 Extra"]
[Source "ChessBase"]
[SourceDate "2016.10.10"]
[SourceVersion "1"]
[SourceVersionDate "2016.10.10"]
[SourceQuality "1"]

1. d4 Nf6 2. c4 g6 3. Nc3 d5 4. Nf3 Bg7 5. Qb3 dxc4 6. Qxc4 0-0 7. e4 a6 8. Bf4 c6 9. Rd1 b5 10. Qc5 Nfd7 11. Qa3 a5 12. Qb3 a4 13. Qc2 Qa5 14. Qd2 b4 15. Nb1 Nf6 16. Bd3 Bg4 17. 0-0 Bxf3 18. gxf3 Rd8 19. Bc4 c5 20. d5 Nh5 21. e5 Nd7 22. e6 fxe6 23. d6 Nf8 24. Bg5 Rxd6 25. Qe2 Qc7 26. Rxd6 Qxd6 27. Rd1 Bd4 28. Qe4 Rd8 29. Rd3 Nf6 30. Qh4 N8d7 31. Bf4 Qb6 32. Qh3 Nd5 33. Bg3 N7f6 34. b3 a3 35. Qh4 Kg7 36. Bf4 Nxf4 37. Qxf4 Qd6 38. Qxd6 exd6 39. Nd2 d5 40. Bb5 Nh5 41. Nf1 Nf4 42. Rd1 Kf6 43. Ne3 Bxe3 44. fxe3 Nh5 45. Kf2 Ng7 46. e4 Ke5 47. exd5 exd5 48. Re1+ Kd6 49. Kg3 Rf8 50. h3 Nf5+ 51. Kg2 Nd4 52. Ba6 Nxf3 53. Rd1 Nd4 54. Re1 Rf7 55. Re8 Re7 56. Rd8+ Rd7 57. Re8 Ne6 58. Bb5 Rc7 59. Ra8 c4 60. Ra6+ Ke5 61. bxc4 dxc4 62. Ba4 Nc5 63. Ra5 Kd4 64. Bd1 Kc3 65. Rb5 Nd3 66. Kf1 Rf7+ 67. Ke2 Rf2+ 68. Ke3 Rxa2 69. Be2 b3 70. Rb8 Rxe2+ 0-1